[Event "III Open FIDE"]
[Site "Forli' ITA"]
[Date "1990.09.16"]
[Round "9"]
[White "Kaiser, Dieter"]
[Black "Drei, Andrea"]
[WhiteElo "2290"]
[BlackElo "2265"]
[Result "1-0"]
[PlyCount "121"]
[EventDate "1990.09.08"]

1. d4 Nf6 2. c4 g6 3. Nc3 Bg7 4. e4 O-O 5. Be2 d6 6. Bg5 c5 7. d5 h6 8. Bf4 e6
9. dxe6 Bxe6 10. Bxd6 Re8 11. Nf3 Nc6 12. O-O Qa5 13. Nd2 Nd4 14. Nb3 Nxe2+ 15.
Qxe2 Qa6 16. Nb5 Rac8 17. Rfd1 Qa4 18. Rac1 Qxa2 19. Nxc5 b6 20. Nxe6 Rxe6 21.
e5 Ne8 22. Nd4 Rxd6 23. exd6 Nxd6 24. b3 Qa3 25. Rb1 Qc5 26. Ne6 fxe6 27. Qxe6+
Nf7 28. Qxg6 Rf8 29. Rd7 Qxf2+ 30. Kxf2 Ne5+ 31. Ke3 Nxg6 32. Rxa7 Re8+ 33. Kd2
Re7 34. Rxe7 Nxe7 35. b4 Kf7 36. Kd3 Ke6 37. Re1+ Kd6 38. c5+ bxc5 39. bxc5+
Kd7 40. Kc4 Nc6 41. Rd1+ Kc7 42. Rf1 Nd8 43. Kd5 Kd7 44. Rf3 Nc6 45. Rf7+ Ne7+
46. Ke4 Bc3 47. Rh7 Bd2 48. c6+ Kd6 49. c7 Nc8 50. h4 Ba5 51. Rxh6+ Kxc7 52. g4
Kd7 53. g5 Ne7 54. Ra6 Bd2 55. Kf3 Ke8 56. Kg4 Kf7 57. h5 Bc3 58. Ra7 Bb4 59.
h6 Bc5 60. Ra6 Bb4 61. Kh5 1-0

[Event "III Open FIDE"]
[Site "Forli' ITA"]
[Date "1990.09.16"]
[Round "9"]
[White "Malaniuk, Vladimir P."]
[Black "Meduna, Eduard"]
[WhiteElo "2480"]
[BlackElo "2500"]
[Result "1-0"]
[PlyCount "41"]
[EventDate "1990.09.08"]

1. d4 d5 2. c4 c6 3. Nc3 Nf6 4. Nf3 dxc4 5. a4 Bf5 6. Ne5 Nbd7 7. Nxc4 Nb6 8.
Ne5 e6 9. Bg5 h6 10. Bh4 c5 11. a5 cxd4 12. axb6 dxc3 13. Qa4+ Ke7 14. Rd1
Qxd1+ 15. Kxd1 Rd8+ 16. Kc1 g5 17. Qb4+ Ke8 18. Qb5+ Ke7 19. bxa7 cxb2+ 20.
Qxb2 Rc8+ 21. Kd1 1-0

[Event "III Open FIDE"]
[Site "Forli' ITA"]
[Date "1990.09.16"]
[Round "9"]
[White "Oesterle, Peter"]
[Black "Bretsnajdr, Vladimir"]
[WhiteElo "2260"]
[BlackElo "2315"]
[Result "1-0"]
[PlyCount "77"]
[EventDate "1990.09.08"]

1. e4 c5 2. c3 d5 3. exd5 Qxd5 4. d4 Nc6 5. Nf3 Nf6 6. dxc5 Qxd1+ 7. Kxd1 a5 8.
Bb5 Bd7 9. Be3 Ng4 10. Nbd2 e5 11. Re1 f6 12. Ne4 O-O-O 13. Ke2 Bf5 14. Nfd2
Nxe3 15. fxe3 Bg4+ 16. Kf2 Bxc5 17. Nc4 Be7 18. Bxc6 bxc6 19. Nxa5 Kc7 20. Nb3
f5 21. Ned2 g5 22. Nc4 Bf6 23. Nc5 Rhe8 24. a4 Bh5 25. a5 Bf7 26. Ra4 e4 27.
Rb4 Bxc4 28. Rxc4 Ra8 29. Rd1 Re7 30. b4 Be5 31. g3 h5 32. Nb3 Kb7 33. a6+ Kxa6
34. Ra1+ Kb7 35. Na5+ Kb6 36. Rxc6+ Kb5 37. Rc5+ Kb6 38. Nc4+ Kb7 39. Rxa8 1-0

[Event "III Open FIDE"]
[Site "Forli' ITA"]
[Date "1990.09.16"]
[Round "9"]
[White "Sakhatova, Gulnar"]
[Black "Pozzi, Enrico"]
[WhiteElo "2315"]
[BlackElo "2255"]
[Result "1-0"]
[PlyCount "99"]
[EventDate "1990.09.08"]

1. d4 Nf6 2. c4 g6 3. Nc3 Bg7 4. g3 c6 5. Bg2 d5 6. cxd5 Nxd5 7. e4 Nxc3 8.
bxc3 O-O 9. Ne2 Nd7 10. O-O Qa5 11. Bd2 Rd8 12. Qc1 c5 13. e5 cxd4 14. cxd4 Qa6
15. Re1 Nb6 16. Qc5 Bf8 17. Qa5 Rb8 18. d5 Bg4 19. Qxa6 bxa6 20. Nd4 Rbc8 21.
h3 Bf5 22. g4 Bd3 23. Nc6 Rd7 24. Rac1 Bc4 25. Ba5 Bxd5 26. Bxb6 Rxc6 27. Rxc6
axb6 28. Rxb6 Bxa2 29. Rc1 Bh6 30. Rc8+ Kg7 31. Bf3 Bf4 32. Rxa6 Be6 33. Rc5
Rd3 34. Kg2 h5 35. Ra4 g5 36. Be4 Rd2 37. gxh5 Rb2 38. Ra3 Kh6 39. Bf3 Rd2 40.
Rac3 Rd4 41. Rc2 Rd3 42. Re2 Ra3 43. Bg4 Ra6 44. Rec2 Bb3 45. Rc6+ Rxc6 46.
Rxc6+ e6 47. Rc7 Bd5+ 48. Bf3 f6 49. Bxd5 exd5 50. e6 1-0

[Event "III Open FIDE"]
[Site "Forli' ITA"]
[Date "1990.09.16"]
[Round "9"]
[White "Stelzer, Harald"]
[Black "Testa, Armando"]
[WhiteElo "2240"]
[BlackElo "2220"]
[Result "1/2-1/2"]
[PlyCount "20"]
[EventDate "1990.09.08"]

1. d4 d5 2. c4 e6 3. Nc3 c6 4. Nf3 Nf6 5. Bg5 dxc4 6. a4 Bb4 7. e3 b5 8. Be2
Bb7 9. O-O a6 10. Qc2 Nbd7 1/2-1/2

[Event "III Open FIDE"]
[Site "Forli' ITA"]
[Date "1990.09.16"]
[Round "9"]
[White "Tagnon, Nicole"]
[Black "Lagrotteria, Salvatore"]
[WhiteElo "2130"]
[BlackElo "2240"]
[Result "1-0"]
[PlyCount "55"]
[EventDate "1990.09.08"]

1. e4 e5 2. f4 d5 3. exd5 c6 4. Nf3 exf4 5. d4 Bd6 6. c4 cxd5 7. c5 Bc7 8. Be2
Nc6 9. O-O Nf6 10. Nc3 h6 11. Bb5 Bg4 12. Qe1+ Kf8 13. Bxc6 bxc6 14. Ne5 g5 15.
Nxc6 Qd7 16. Ne5 Bxe5 17. dxe5 Re8 18. Qf2 Rxe5 19. Qd4 Qe6 20. Bd2 Bf5 21.
Rae1 Be4 22. Nb5 Kg7 23. Bc3 Re8 24. Qxe5 Qxe5 25. Bxe5 Rxe5 26. c6 d4 27. Nxd4
Rd5 28. c7 1-0

[Event "III Open FIDE"]
[Site "Forli' ITA"]
[Date "1990.09.16"]
[Round "9"]
[White "Tatai, Stefano"]
[Black "Antonsen, Mikkel"]
[WhiteElo "2415"]
[BlackElo "2355"]
[Result "0-1"]
[PlyCount "61"]
[EventDate "1990.09.08"]

1. e4 e6 2. d4 d5 3. Nc3 Bb4 4. e5 Ne7 5. Qg4 c5 6. a3 Bxc3+ 7. bxc3 cxd4 8.
Qxg7 Rg8 9. Qxh7 Qc7 10. Ne2 Nbc6 11. f4 Bd7 12. Qd3 dxc3 13. Nxc3 Na5 14. Nb5
Bxb5 15. Qxb5+ Nac6 16. Rb1 O-O-O 17. g3 Nf5 18. Qc5 f6 19. exf6 Qh7 20. Ba6
Nfd4 21. Bd3 Qh3 22. Be3 Nf3+ 23. Kd1 Qg2 24. Rf1 d4 25. Bf2 Nxh2 26. Re1 Qxf2
27. Rxb7 Kxb7 28. Be4 Rd5 29. Bxd5 exd5 30. Re7+ Nxe7 31. Qxe7+ 0-1

[Event "III Open FIDE"]
[Site "Forli' ITA"]
[Date "1990.09.16"]
[Round "9"]
[White "Vezzosi, Paolo"]
[Black "Rossi, Carlo"]
[WhiteElo "2325"]
[BlackElo "2280"]
[Result "0-1"]
[PlyCount "212"]
[EventDate "1990.09.08"]

1. e4 Nc6 2. d4 d5 3. Nc3 dxe4 4. d5 Ne5 5. Qd4 Ng6 6. Be3 Nf6 7. Bc4 Nh4 8.
O-O-O Nf5 9. Qd2 g6 10. Bg5 Nd6 11. Bb3 h6 12. Bf4 Bg7 13. h3 Nd7 14. Qe3 Nb6
15. Nge2 a5 16. a4 O-O 17. Nd4 Kh7 18. g4 Bd7 19. Bxd6 exd6 20. Qxe4 Qf6 21. f4
Rae8 22. Qf3 Qe7 23. Ncb5 Bxd4 24. Rxd4 Bxb5 25. axb5 Qe3+ 26. Qxe3 Rxe3 27. h4
Rfe8 28. h5 Kg7 29. g5 gxh5 30. Rxh5 hxg5 31. Rxg5+ Kf6 32. Rg4 Re2 33. c3 Rh8
34. Bd1 Rf2 35. Rd2 Rxd2 36. Kxd2 Nc4+ 37. Kc1 Rh1 38. Rg3 a4 39. Rd3 Kf5 40.
Kb1 a3 41. bxa3 Nxa3+ 42. Kb2 Nc4+ 43. Kb3 Nb6 44. Rd4 Nd7 45. Bc2+ Kg4 46. Kb2
Nc5 47. b6 cxb6 48. Rb4 Rh2 49. Kc1 b5 50. f5+ Kg5 51. Rxb5 Kf6 52. Rb4 Ke5 53.
Rd4 Rf2 54. Kb2 Rf3 55. Rd1 Re3 56. Rd4 f6 57. Rd1 Re2 58. Rd4 b5 59. Kc1 Ne4
60. Kb2 Nxc3 61. Rb4 Nxd5 62. Rxb5 Kd4 63. Kb3 Re3+ 64. Kb2 Kc4 65. Rb8 Nb4 66.
Rc8+ Kd4 67. Ba4 Nd3+ 68. Kc2 Re2+ 69. Kd1 Rf2 70. Bd7 Rh2 71. Rf8 Nf2+ 72. Kc1
Ne4 73. Rd8 Ng3 74. Bc8 d5 75. Bb7 Ra2 76. Rd6 Ke5 77. Rd8 d4 78. Rd7 Rh2 79.
Bc8 Ke4 80. Re7+ Kf4 81. Rd7 Ke3 82. Re7+ Ne4 83. Bb7 Rh1+ 84. Kb2 Rh4 85. Re6
d3 86. Bxe4 Rxe4 87. Kc3 Re5 88. Rxe5+ fxe5 89. f6 d2 90. f7 d1=Q 91. f8=Q Qf3
92. Qd6 Ke2+ 93. Kc2 Qe4+ 94. Kc3 Qe3+ 95. Kc4 e4 96. Qh2+ Ke1 97. Qh1+ Kd2 98.
Qh4 Qd3+ 99. Kc5 e3 100. Qf4 Kd1 101. Qf3+ Kc2 102. Kb6 e2 103. Qc6+ Kb1 104.
Qh1+ Kb2 105. Qg2 Qe3+ 106. Ka5 Ka3 0-1